Statistics for Seven Wonders of Canada

Click here to take the quiz!

General Stats

  • This quiz has been taken 11 times
  • The average score is 3 of 7

Answer Stats

Answer% Correct
Niagara Falls
100%
Northern Lights
90%
The Rockies
60%
Bay of Fundy
30%
Nahanni National Park
10%
Sleeping Giant
10%
Cabot Trail
0%

Score Distribution

Percentile by Number Answered

Percent of People with Each Score

Your Score History

You have not taken this quiz